000 00287nam a22001337a 4500
008 170601b xxu||||| |||| 00| 0 eng d
020 _a9781575001838
041 _aeng
080 _a94(7/8)
100 _a17
101 _aSHH
245 _aINFLUENZA 1918
_cLEZZONI,L
942 _2udc
_cBK
999 _c15515
_d15515